00623nam a2200193Ia 4500008004100000020001800041082001500059100003000074245007000104250000600174260003900180300001400219500002400233650001800257700002300275942000700298952010700305999001700412230524s9999 xx 000 0 und d a9789382332589 a363.7bGAU aNidhi Gauba Dhawan942975 0aEnvironmental Studies : Challenges & Solutions A Quick Compendium a1 aNew DelhibI.K.Internationalc2014 a"V,301p:" aQuantity Number: 1 aEnvironmental aKiran Bisht942976 cBK 00104070aTATCLbTATCLcGENd2023-05-24l1o363.7 GAUp54219r2025-04-12s2024-01-31w2023-05-24yBK c57928d57928